[Event "Cracovia"]
[Site "Krakow"]
[Date "2006.12.30"]
[Round "5.6"]
[White "Firman, Nazar"]
[Black "Miroslaw, Michal"]
[Result "1-0"]
[WhiteElo "2495"]
[BlackElo "2254"]
[PlyCount "47"]
[EventDate "2006.??.??"]

1. e4 c6 2. d4 d5 3. e5 Bf5 4. Be3 e6 5. Nd2 Nd7 6. Be2 Ne7 7. f4 Bg6 8. Ngf3
Bh5 9. O-O Bxf3 10. Nxf3 g6 11. b3 Nf5 12. Bf2 Be7 13. g4 Ng7 14. h3 Qc7 15. c4
h5 16. Kg2 f5 17. exf6 hxg4 18. fxg7 gxf3+ 19. Bxf3 Rg8 20. Qe2 Rxg7 21. Qxe6
Qxf4 22. cxd5 Nf8 23. Qe2 O-O-O 24. Bg3 1-0

[Event "Cracovia"]
[Site "Krakow"]
[Date "2006.12.30"]
[Round "5.8"]
[White "Rybak, Tomasz"]
[Black "Czyz, Artur"]
[Result "1/2-1/2"]
[WhiteElo "2247"]
[BlackElo "2048"]
[PlyCount "62"]
[EventDate "2006.??.??"]

1. e4 e5 2. Nf3 Nc6 3. Bb5 a6 4. Ba4 Nf6 5. O-O Be7 6. Re1 b5 7. Bb3 d6 8. c3
O-O 9. h3 Rb8 10. d4 exd4 11. cxd4 d5 12. e5 Ne4 13. Nc3 Nxc3 14. bxc3 Bf5 15.
Nh2 Na5 16. Nf1 Nc4 17. g4 Bc8 18. Ng3 c5 19. Nf5 g6 20. Nxe7+ Qxe7 21. Bxc4
dxc4 22. Bh6 Re8 23. Qd2 Bb7 24. d5 f6 25. exf6 Qxf6 26. Bf4 Rbd8 27. Bg5 Rxe1+
28. Rxe1 Qf3 29. Bxd8 Bxd5 30. Re8+ Kf7 31. Re7+ Kg8 1/2-1/2

[Event "Cracovia"]
[Site "Krakow"]
[Date "2006.12.30"]
[Round "5.9"]
[White "Caba, Tomasz"]
[Black "Bulski, Krzysztof"]
[Result "1/2-1/2"]
[WhiteElo "2225"]
[BlackElo "2400"]
[PlyCount "42"]
[EventDate "2006.??.??"]

1. e4 c5 2. Nf3 d6 3. d4 Nf6 4. Nc3 cxd4 5. Nxd4 a6 6. f4 e5 7. Nf3 Nbd7 8. Bc4
Be7 9. O-O O-O 10. a4 exf4 11. Bxf4 Qb6+ 12. Qd4 Qxd4+ 13. Nxd4 Ne5 14. Bb3 Bd8
15. Rad1 Bg4 16. Nf3 Bc7 17. Bg5 Ned7 18. Bf4 Ne5 19. Bg5 Ned7 20. Nd5 Nxd5 21.
Bxd5 Rab8 1/2-1/2

[Event "Cracovia"]
[Site "Krakow"]
[Date "2006.12.30"]
[Round "5.11"]
[White "Meyer, Lars A"]
[Black "Moranda, Wojciech"]
[Result "1/2-1/2"]
[WhiteElo "2291"]
[BlackElo "2462"]
[PlyCount "53"]
[EventDate "2006.??.??"]

1. d4 Nf6 2. c4 c5 3. Nf3 cxd4 4. Nxd4 e6 5. Nc3 Nc6 6. Ndb5 d5 7. cxd5 Nxd5 8.
Nxd5 exd5 9. Qxd5 Bb4+ 10. Bd2 Be6 11. Qxd8+ Rxd8 12. Nc3 O-O 13. e3 Ne5 14.
Be2 Nd3+ 15. Bxd3 Rxd3 16. Ne4 Bxd2+ 17. Nxd2 Rfd8 18. Nf3 Bxa2 19. Nd4 Bd5 20.
Rxa7 Bxg2 21. Rg1 Bd5 22. Rg5 f6 23. Rf5 Kf7 24. Ra5 Be4 25. Rf4 Bd5 26. Rf5
Be4 27. Rf4 1/2-1/2

[Event "Cracovia"]
[Site "Krakow"]
[Date "2006.12.30"]
[Round "5.12"]
[White "Nguyen, Piotr"]
[Black "Kosiorek, Marek"]
[Result "1/2-1/2"]
[WhiteElo "2211"]
[BlackElo "2374"]
[PlyCount "45"]
[EventDate "2006.??.??"]

1. f4 g6 2. Nf3 Bg7 3. g3 Nf6 4. Bg2 O-O 5. O-O d5 6. d3 c5 7. Nc3 d4 8. Na4
Nbd7 9. c4 Rb8 10. b4 b6 11. Rb1 Bb7 12. bxc5 Nxc5 13. Nxc5 bxc5 14. Qa4 Ba8
15. Rb3 Qc7 16. Ra3 Bb7 17. Qa5 Qd6 18. Qxa7 Nd7 19. Rb3 Bc6 20. Qa5 Ra8 21.
Qd2 Ra6 22. Rb2 Rfa8 23. Nh4 1/2-1/2

[Event "Cracovia"]
[Site "Krakow"]
[Date "2006.12.31"]
[Round "6.2"]
[White "Malaniuk, Vladimir P"]
[Black "Shishkin, Vadim"]
[Result "0-1"]
[WhiteElo "2534"]
[BlackElo "2484"]
[PlyCount "74"]
[EventDate "2006.??.??"]

1. d4 Nf6 2. Nf3 g6 3. c3 Bg7 4. Bg5 d5 5. Nbd2 O-O 6. e3 Nbd7 7. b4 Re8 8. Be2
e5 9. O-O h6 10. Bh4 e4 11. Ne1 Nf8 12. Rc1 g5 13. Bg3 c6 14. c4 Ng6 15. b5
cxb5 16. cxb5 Re7 17. h3 Nh7 18. Bh5 Nhf8 19. Qc2 Be6 20. Nb3 Rc8 21. Qd2 Rxc1
22. Nxc1 f5 23. Ne2 Qd7 24. a4 Re8 25. Nc2 Rc8 26. Nb4 Ne7 27. Rc1 Nh7 28.
Rxc8+ Nxc8 29. Nc1 Nb6 30. Bd1 Nc4 31. Qc3 Nf8 32. Nb3 Qc8 33. Nd2 Nd7 34. a5
Nf6 35. a6 bxa6 36. bxa6 Bf8 37. Ba4 Nxd2 0-1

[Event "Cracovia"]
[Site "Krakow"]
[Date "2006.12.31"]
[Round "6.4"]
[White "Solodovnichenko, Yuri"]
[Black "Czerwonski, Aleksander"]
[Result "1-0"]
[WhiteElo "2574"]
[BlackElo "2382"]
[PlyCount "65"]
[EventDate "2006.??.??"]

1. e4 d6 2. d4 Nf6 3. Nc3 g6 4. Be3 Bg7 5. Qd2 c6 6. Bh6 Bxh6 7. Qxh6 b5 8. e5
b4 9. exf6 bxc3 10. bxc3 exf6 11. Bd3 Be6 12. Ne2 Nd7 13. O-O Qa5 14. Qf4 Qa3
15. Rfe1 O-O 16. c4 Nb6 17. Qxf6 Bxc4 18. Bxc4 Nxc4 19. d5 cxd5 20. Nf4 Qa5 21.
Re7 d4 22. Ne6 Qe5 23. Qxe5 dxe5 24. Nxf8 Kxf8 25. Rc7 Nd6 26. Re1 Rb8 27. g4
Rb5 28. Rxa7 Rc5 29. Rd7 Ne8 30. f4 Nf6 31. Rd8+ Kg7 32. Rxe5 Rxc2 33. g5 1-0

[Event "Cracovia"]
[Site "Krakow"]
[Date "2006.12.31"]
[Round "6.6"]
[White "Mucha, Roman"]
[Black "Gumula, Daniel"]
[Result "0-1"]
[WhiteElo "2091"]
[BlackElo "2359"]
[PlyCount "124"]
[EventDate "2006.??.??"]

1. e4 e6 2. d4 d5 3. e5 c5 4. Nf3 Nc6 5. Bd3 Nxd4 6. Nxd4 cxd4 7. O-O Ne7 8.
Bf4 Qb6 9. b3 Bd7 10. Qe2 Nc6 11. a3 O-O-O 12. Bg5 Re8 13. b4 Nxe5 14. Qxe5 f6
15. Bxf6 gxf6 16. Qxf6 Be7 17. Qh6 e5 18. Qxb6 axb6 19. f3 Bg5 20. a4 e4 21.
Be2 Be7 22. b5 Bb4 23. Kh1 Bf5 24. Ra2 Kb8 25. Rb2 Ba5 26. Rd1 d3 27. cxd3 exd3
28. Bf1 Re3 29. Kg1 Rhe8 30. Kf2 Be1+ 31. Kg1 Ba5 32. g4 Bg6 33. f4 Be4 34. Rb3
Rf3 35. Bxd3 Rxf4 36. Bxe4 dxe4 37. Re3 Rxg4+ 38. Kh1 Rc8 39. Rh3 Rg7 40. Re3
Rc4 41. Na3 Rxa4 42. Rd8+ Kc7 43. Re8 Bd2 44. Rb3 e3 45. h3 Kd7 46. Re5 Re7 47.
Rd5+ Ke6 48. Rdd3 Rxa3 49. Rxa3 e2 50. Ra1 e1=Q+ 51. Rxe1+ Bxe1 52. Rd8 Bb4 53.
Kg2 Rf7 54. Kg3 Bd6+ 55. Kg4 Kd5 56. Rc8 Bc5 57. h4 Kc4 58. h5 Kxb5 59. Re8 Kc4
60. Kg5 b5 61. h6 b4 62. Rg8 Bd4 0-1

[Event "Cracovia"]
[Site "Krakow"]
[Date "2006.12.31"]
[Round "6.8"]
[White "Czyz, Artur"]
[Black "Swiercz, Dariusz"]
[Result "0-1"]
[WhiteElo "2048"]
[BlackElo "2311"]
[PlyCount "90"]
[EventDate "2006.??.??"]

1. e4 c5 2. Nf3 d6 3. d4 cxd4 4. Nxd4 Nf6 5. Nc3 a6 6. Bc4 e6 7. Be3 Nc6 8. O-O
Qc7 9. a4 Na5 10. Be2 Be7 11. Qd3 Bd7 12. f4 Rc8 13. Rad1 Nc4 14. Bc1 O-O 15.
Qg3 Kh8 16. Kh1 Qa5 17. Bd3 e5 18. Nf5 Bxf5 19. exf5 exf4 20. Qxf4 Ne5 21. Be2
Rfe8 22. g4 h6 23. g5 hxg5 24. Qxg5 Rxc3 25. bxc3 Qxc3 26. Rg1 Qc6+ 27. Rg2 Bf8
28. Qh4+ Kg8 29. Bd3 Nxd3 30. cxd3 Qf3 31. Rdg1 Qxf5 32. Bb2 Nh5 33. Qd4 Qf3
34. Qg4 Re3 35. Qxf3 Rxf3 36. Rg5 Rh3 37. Bc1 g6 38. Rd5 Nf6 39. Rd4 Nd7 40.
Kg2 Rh5 41. Re1 Ne5 42. Ba3 Rg5+ 43. Kf2 Rf5+ 44. Kg3 Nf3 45. Rxd6 Bxd6+ 0-1

[Event "Cracovia"]
[Site "Krakow"]
[Date "2006.12.31"]
[Round "6.10"]
[White "Moranda, Wojciech"]
[Black "Brzeski, Maciej"]
[Result "1-0"]
[WhiteElo "2462"]
[BlackElo "2323"]
[PlyCount "95"]
[EventDate "2006.??.??"]

1. d4 Nf6 2. c4 g6 3. Nc3 Bg7 4. e4 d6 5. Nf3 O-O 6. h3 c5 7. d5 e6 8. Bd3 exd5
9. cxd5 b5 10. Nxb5 Re8 11. Bg5 c4 12. Bxc4 Rxe4+ 13. Be2 Qa5+ 14. Kf1 Ba6 15.
a4 Nbd7 16. Nd2 Rxe2 17. Qxe2 Re8 18. Qd1 Bxb5+ 19. axb5 Qxb5+ 20. Kg1 Nxd5 21.
Qa4 Qxa4 22. Rxa4 h6 23. Bh4 Nc5 24. Rxa7 f5 25. Nf3 g5 26. Kh2 Ne4 27. Ra5 Ne7
28. b4 Bc3 29. Rb1 Rb8 30. Ra7 Nc6 31. Rc7 Nxb4 32. Rb3 gxh4 33. Rcxc3 Nxc3 34.
Rxc3 Kf7 35. Nxh4 Rb5 36. Nf3 Rc5 37. Ra3 Nd5 38. Ra7+ Rc7 39. Ra6 Ke6 40. Ra8
Nf6 41. Rh8 Rh7 42. Rf8 Rc7 43. Nd4+ Ke5 44. Nb5 Rc5 45. Nxd6 Nd7 46. Nb7 Rc2
47. Rf7 Nf6 48. f4+ 1-0

[Event "Cracovia"]
[Site "Krakow"]
[Date "2006.12.31"]
[Round "6.11"]
[White "Tazbir, Marcin"]
[Black "Meyer, Lars A"]
[Result "1-0"]
[WhiteElo "2425"]
[BlackElo "2291"]
[PlyCount "103"]
[EventDate "2006.??.??"]

1. e4 e6 2. d3 d5 3. Qe2 dxe4 4. dxe4 Nc6 5. c3 e5 6. Nf3 a6 7. Qc2 Bd6 8. h3
Nge7 9. a4 Ng6 10. Be3 Qe7 11. Na3 O-O 12. h4 h6 13. g3 Rd8 14. Nc4 Bc5 15.
Bxc5 Qxc5 16. b4 Qe7 17. Be2 Qf6 18. Ne3 Rd6 19. O-O Be6 20. b5 Nce7 21. c4 c5
22. Rfd1 Rad8 23. Rxd6 Rxd6 24. Nd5 Bxd5 25. cxd5 Nxd5 26. Qxc5 b6 27. Qa3 Ndf4
28. Bf1 axb5 29. axb5 Nh5 30. Bh3 Qd8 31. Qa8 Nf6 32. Ra6 Nf8 33. Qxd8 Rxd8 34.
Rxb6 Nxe4 35. Rc6 Rd1+ 36. Kg2 Nd6 37. Nxe5 Nxb5 38. Rc8 Nd6 39. Rd8 Nc4 40.
Rxd1 Nxe5 41. Re1 Nc6 42. h5 Nb4 43. Re5 Nc6 44. Re8 Nb4 45. Rd8 Nc6 46. Ra8
Ne7 47. Kf3 g6 48. Re8 Nc6 49. Ke4 Kg7 50. Kd5 Nb4+ 51. Kc4 Na6 52. Rc8 1-0

[Event "Cracovia"]
[Site "Krakow"]
[Date "2006.12.31"]
[Round "6.12"]
[White "Markiewicz, Jacek"]
[Black "Marszalek, Maciej"]
[Result "0-1"]
[WhiteElo "2300"]
[BlackElo "2402"]
[PlyCount "72"]
[EventDate "2006.??.??"]

1. e4 c5 2. Nf3 e6 3. d4 cxd4 4. Nxd4 Qb6 5. Nb3 Qc7 6. Nc3 a6 7. Be2 Nf6 8.
O-O b5 9. Bf3 Nc6 10. e5 Qxe5 11. Re1 Qc7 12. Bg5 Be7 13. Qd3 Bb7 14. Bxf6 gxf6
15. Qe3 Ne5 16. Bxb7 Qxb7 17. Ne4 d5 18. Ng3 Qa7 19. Qc3 Rg8 20. Rxe5 fxe5 21.
Qxe5 O-O-O 22. a4 b4 23. c3 Bd6 24. Qe1 Qb7 25. cxb4 Bxb4 26. Qe5 Rd7 27. Nh5
Bd6 28. Qc3+ Rc7 29. Qd3 Rg6 30. Ng3 Kb8 31. Ne2 Rg4 32. Nbd4 Bc5 33. Nf3 f6
34. g3 Rb4 35. Nfd4 Bxd4 36. Nxd4 Qb6 0-1

[Event "Cracovia"]
[Site "Krakow"]
[Date "2007.01.02"]
[Round "7.1"]
[White "Jakubiec, Artur"]
[Black "Przybylski, Wojciech"]
[Result "1-0"]
[WhiteElo "2488"]
[BlackElo "2329"]
[PlyCount "101"]
[EventDate "2006.??.??"]

1. e4 e5 2. d4 exd4 3. Nf3 Nc6 4. Bc4 Nf6 5. Ng5 d5 6. exd5 Qe7+ 7. Be2 Nxd5 8.
O-O h6 9. Nf3 Bd7 10. Bc4 Qc5 11. Qd3 Be6 12. b3 O-O-O 13. a3 Na5 14. Nxd4 Nxc4
15. Nxe6 fxe6 16. bxc4 Nb6 17. Qh3 Qxc4 18. Be3 Bd6 19. Nd2 Qd5 20. a4 Kb8 21.
a5 Nc4 22. Nxc4 Qxc4 23. a6 b6 24. Qf3 Qd5 25. Qe2 Qe5 26. g3 Bc5 27. Ra5 Qe4
28. Rxc5 bxc5 29. Qb5+ Kc8 30. Qxc5 Rd6 31. Qxa7 Kd7 32. Bc5 Rd5 33. Qb7 Qc4
34. Be3 Rb5 35. Qf3 Rf5 36. Qd1+ Ke7 37. a7 Ra8 38. Qb1 Rb5 39. Qa1 Kf7 40. Bd4
Rg5 41. Rb1 Rb5 42. Rxb5 Qxb5 43. Bxg7 Qg5 44. Be5 Qd8 45. h4 Ke8 46. Bf4 h5
47. Bxc7 Qc8 48. Qa4+ Kf7 49. Bb8 Qb7 50. Qf4+ Ke8 51. Qc4 1-0

[Event "Cracovia"]
[Site "Krakow"]
[Date "2007.01.02"]
[Round "7.4"]
[White "Gumula, Daniel"]
[Black "Gritsak, Orest"]
[Result "1-0"]
[WhiteElo "2359"]
[BlackElo "2542"]
[PlyCount "91"]
[EventDate "2006.??.??"]

1. d4 Nf6 2. c4 e6 3. Nf3 b6 4. g3 c6 5. Bg2 Be7 6. O-O O-O 7. Nbd2 d5 8. Ne5
Bb7 9. Ndf3 Nbd7 10. cxd5 cxd5 11. Bf4 Rc8 12. Qd3 Nxe5 13. Nxe5 Nd7 14. Rfc1
Nxe5 15. dxe5 Qd7 16. h4 Qa4 17. b3 Qa3 18. e4 Ba6 19. Qd1 dxe4 20. Bxe4 Qb2
21. Qd2 Ba3 22. Qxb2 Bxb2 23. Rxc8 Rxc8 24. Rd1 Bb5 25. Bd3 Rd8 26. Bxh7+ Kxh7
27. Rxd8 Kg6 28. Ra8 a6 29. Be3 Bxe5 30. Bxb6 Kf5 31. Ra7 Kg6 32. h5+ Kxh5 33.
Rxf7 Kg6 34. Re7 Kf5 35. Be3 g5 36. Rf7+ Kg6 37. Rf8 Bg7 38. Rg8 Kf7 39. Rc8 g4
40. a4 Be2 41. Rc2 Bd3 42. Rd2 Be4 43. Rd7+ Kg6 44. Rd6 Bd5 45. Rxa6 Bxb3 46.
a5 1-0

[Event "Cracovia"]
[Site "Krakow"]
[Date "2007.01.02"]
[Round "7.5"]
[White "Swiercz, Dariusz"]
[Black "Malaniuk, Vladimir P"]
[Result "0-1"]
[WhiteElo "2311"]
[BlackElo "2534"]
[PlyCount "58"]
[EventDate "2006.??.??"]

1. d4 f5 2. Nc3 Nf6 3. Bg5 d5 4. f3 c5 5. e4 Nc6 6. Bb5 a6 7. Bxc6+ bxc6 8.
Bxf6 gxf6 9. Nge2 fxe4 10. fxe4 dxe4 11. Nf4 h5 12. Qe2 Qxd4 13. Nxe4 f5 14.
Ng6 Rg8 15. Nxf8 Qxe4 16. Nh7 Rg7 17. Qxe4 fxe4 18. O-O Rxh7 19. Rae1 Rf7 20.
Rxe4 Rxf1+ 21. Kxf1 Bf5 22. Re5 e6 23. Rxc5 Kd7 24. b4 Rb8 25. a3 Rb5 26. Rc3
a5 27. bxa5 Rxa5 28. Kf2 Kd6 29. Kg3 Rc5 0-1

[Event "Cracovia"]
[Site "Krakow"]
[Date "2007.01.02"]
[Round "7.6"]
[White "Worek, Joanna"]
[Black "Jedynak, Radoslaw"]
[Result "0-1"]
[WhiteElo "2298"]
[BlackElo "2559"]
[PlyCount "44"]
[EventDate "2006.??.??"]

1. Nf3 Nf6 2. c4 g6 3. Nc3 Bg7 4. d4 d5 5. cxd5 Nxd5 6. e4 Nxc3 7. bxc3 c5 8.
Be2 cxd4 9. cxd4 Nc6 10. Be3 Bg4 11. d5 Ne5 12. Nxe5 Bxe2 13. Qa4+ b5 14. Qd4
Bc4 15. Qb2 O-O 16. Bd4 Bxe5 17. Bxe5 f5 18. Bh8 Rf7 19. exf5 Qxd5 20. f3 Rd8
21. fxg6 hxg6 22. h4 e5 0-1

[Event "Cracovia"]
[Site "Krakow"]
[Date "2007.01.02"]
[Round "7.7"]
[White "Kosiorek, Marek"]
[Black "Jakubowski, Krzysztof"]
[Result "1/2-1/2"]
[WhiteElo "2374"]
[BlackElo "2497"]
[PlyCount "67"]
[EventDate "2006.??.??"]

1. d4 Nf6 2. Nf3 e6 3. g3 b5 4. Qd3 c5 5. Qxb5 Ba6 6. Qa4 Qb6 7. e3 Bb7 8. Bg2
Bc6 9. Qb3 Qa6 10. Nbd2 d5 11. a4 Nbd7 12. Qd3 Qb7 13. b3 Be7 14. O-O O-O 15.
Rb1 Rac8 16. Ne5 Nxe5 17. dxe5 Nd7 18. Bb2 Rfd8 19. Qe2 d4 20. Bxc6 Qxc6 21.
Nc4 Nb6 22. Rfd1 Nxc4 23. Qxc4 dxe3 24. fxe3 Qf3 25. Rd3 Bg5 26. Re1 h5 27. e4
Qg4 28. Rxd8+ Rxd8 29. Qe2 Qh3 30. Bc3 h4 31. Qg2 Qg4 32. Qe2 Qh3 33. Qg2 Qg4
34. Qe2 1/2-1/2

[Event "Cracovia"]
[Site "Krakow"]
[Date "2007.01.02"]
[Round "7.8"]
[White "Marszalek, Maciej"]
[Black "Moranda, Wojciech"]
[Result "1/2-1/2"]
[WhiteElo "2402"]
[BlackElo "2462"]
[PlyCount "36"]
[EventDate "2006.??.??"]

1. d4 Nf6 2. c4 e6 3. Nc3 Bb4 4. Qc2 d5 5. cxd5 exd5 6. Bg5 c5 7. dxc5 h6 8.
Bxf6 Qxf6 9. e3 O-O 10. Nf3 Be6 11. Rc1 Nd7 12. a3 Bxc5 13. Be2 Rac8 14. O-O
Rfd8 15. Rfd1 Nb6 16. Nd4 Bd6 17. g3 Be5 18. Qb3 Qe7 1/2-1/2

[Event "Cracovia"]
[Site "Krakow"]
[Date "2007.01.02"]
[Round "7.9"]
[White "Czerwonski, Aleksander"]
[Black "Tazbir, Marcin"]
[Result "1/2-1/2"]
[WhiteElo "2382"]
[BlackElo "2425"]
[PlyCount "46"]
[EventDate "2006.??.??"]

1. d4 d5 2. c4 dxc4 3. Nf3 Nf6 4. e3 a6 5. a4 Nc6 6. Bxc4 Bg4 7. O-O e6 8. h3
Bxf3 9. Qxf3 Bd6 10. Qe2 e5 11. d5 Ne7 12. e4 Ng6 13. Nc3 O-O 14. g3 Re8 15.
Kg2 h6 16. Bd2 Rc8 17. Nd1 Qd7 18. b4 c6 19. dxc6 Qxc6 20. Bd3 Red8 21. Nb2 Bf8
22. Rfd1 Qb6 23. Nc4 Qe6 1/2-1/2

[Event "Cracovia"]
[Site "Krakow"]
[Date "2007.01.02"]
[Round "7.10"]
[White "Miroslaw, Michal"]
[Black "Hera, Imre Jr"]
[Result "1/2-1/2"]
[WhiteElo "2254"]
[BlackElo "2510"]
[PlyCount "137"]
[EventDate "2006.??.??"]

1. e4 e5 2. Nf3 d6 3. d4 exd4 4. Nxd4 Nf6 5. Nc3 Be7 6. Be2 O-O 7. O-O Re8 8.
f4 Bf8 9. Bf3 c5 10. Nde2 Nc6 11. Kh1 Bg4 12. Ng3 Be6 13. Be3 Qb6 14. Qd2 Nd4
15. Bxd4 cxd4 16. Nce2 Bc4 17. b3 Bxe2 18. Nxe2 Nxe4 19. Qxd4 d5 20. Qxb6 axb6
21. Bxe4 dxe4 22. Ng3 Bb4 23. Rf2 g6 24. f5 e3 25. Re2 Bc3 26. Rd1 Rxa2 27. Nf1
gxf5 28. g3 f4 29. gxf4 Bb4 30. Rxe3 Rc8 31. Rg3+ Kf8 32. Ne3 Bc5 33. Rdg1 Ke7
34. R1g2 Ra1+ 35. Rg1 Rxg1+ 36. Kxg1 Kf6 37. Kg2 Bxe3 38. Rxe3 Rxc2+ 39. Kg3 b5
40. Kg4 Rg2+ 41. Kh3 Rb2 42. Kg4 Kg6 43. f5+ Kg7 44. Rh3 b4 45. Kg5 h6+ 46. Kf4
Rc2 47. Rg3+ Kf8 48. Rh3 Rc6 49. Ke5 Ke7 50. Rh4 Rc5+ 51. Ke4 Rc3 52. Rxh6 Rxb3
53. Rb6 Rh3 54. f6+ Kd7 55. Rxb7+ Ke6 56. Rb6+ Kd7 57. Rb7+ Kc6 58. Rxf7 b3 59.
Rf8 Kc7 60. Rf7+ Kc6 61. Rf8 Kc7 62. Rg8 b2 63. Rg1 Rxh2 64. Kf5 Kd7 65. Rg7+
Ke8 66. Rb7 Rf2+ 67. Ke6 Re2+ 68. Kd6 Rd2+ 69. Ke6 1/2-1/2

[Event "Cracovia"]
[Site "Krakow"]
[Date "2007.01.02"]
[Round "7.11"]
[White "Leks, Hanna"]
[Black "Bulski, Krzysztof"]
[Result "0-1"]
[WhiteElo "2212"]
[BlackElo "2400"]
[PlyCount "128"]
[EventDate "2006.??.??"]

1. e4 c5 2. Nf3 d6 3. d4 Nf6 4. Nc3 cxd4 5. Nxd4 a6 6. a4 Nc6 7. Be2 g6 8. O-O
Bg7 9. Nb3 O-O 10. Bg5 h6 11. Bh4 b6 12. Re1 Bb7 13. Bf1 Re8 14. Rb1 Nd7 15.
Nd5 Nc5 16. Nxc5 bxc5 17. c3 g5 18. Bg3 e6 19. Ne3 Ne5 20. Qc2 Qc7 21. Rbd1
Rad8 22. Nc4 Nxc4 23. Bxc4 Qc6 24. f3 d5 25. exd5 exd5 26. Ba2 Rxe1+ 27. Rxe1
Re8 28. Rd1 d4 29. Bb1 Kf8 30. Qf5 Bc8 31. Qh7 Rd8 32. Bc2 Be6 33. h3 Qb6 34.
cxd4 cxd4 35. Kh2 Qc5 36. Re1 a5 37. h4 gxh4 38. Bf4 Bc4 39. Kh1 Qc6 40. Be4
Bd5 41. Bxd5 Rxd5 42. Rc1 Qe6 43. Bd2 h3 44. g3 Qe2 45. Rc8+ Ke7 46. Qe4+ Qxe4
47. fxe4 Re5 48. b4 axb4 49. Bxb4+ Kd7 50. Rg8 Bf6 51. Rf8 Rxe4 52. Rxf7+ Ke6
53. Rb7 d3 54. a5 Re2 55. Rb6+ Kf5 56. Rd6 Rb2 57. Rxd3 Rxb4 58. Rf3+ Kg5 59.
Kh2 Ra4 60. Kxh3 Rxa5 61. g4 Ra2 62. Rf5+ Kg6 63. Rd5 Re2 64. Rf5 Be5 0-1

[Event "Cracovia"]
[Site "Krakow"]
[Date "2007.01.02"]
[Round "7.12"]
[White "Savickas, Airidas"]
[Black "Betkowski, Andrzej"]
[Result "1-0"]
[WhiteElo "2360"]
[BlackElo "2225"]
[PlyCount "143"]
[EventDate "2006.??.??"]

1. e4 e6 2. d4 d5 3. Nd2 Nf6 4. e5 Nfd7 5. f4 c5 6. c3 Nc6 7. Ndf3 Qb6 8. h4 f6
9. Bd3 cxd4 10. cxd4 Bb4+ 11. Ke2 Be7 12. b3 Nf8 13. Be3 Bd7 14. Kf2 Ba3 15.
Ne2 Nb4 16. Bc1 Nxd3+ 17. Qxd3 Bb5 18. Qe3 Be7 19. Nc3 f5 20. h5 Rc8 21. Bd2
Nd7 22. Rhg1 Nb8 23. g4 g6 24. gxf5 gxf5 25. Rac1 Kd8 26. Nxb5 Rxc1 27. Bxc1
Qxb5 28. Ng5 Kd7 29. Qe2 Qxe2+ 30. Kxe2 Rg8 31. Be3 h6 32. Nf7 Rxg1 33. Bxg1
Bf8 34. Bf2 Ke8 35. Nd6+ Bxd6 36. exd6 Nc6 37. Kd3 Kd7 38. Bh4 Kxd6 39. Bf6 Ne7
40. Kc3 Ng8 41. Bh4 Kc6 42. Kb4 Kd7 43. Kc5 Kc7 44. Kb5 Kd7 45. Kc5 Kc7 46. Kb5
Kd7 47. b4 Kc7 48. Ka5 Kd7 49. b5 Kc8 50. b6 a6 51. Kb4 Kd7 52. Kc5 Ne7 53. Bf6
Ng8 54. Bg7 Ke7 55. a3 Kd7 56. Bf8 Ke8 57. Bxh6 Nxh6 58. Kd6 Kf7 59. a4 Ng8 60.
a5 Nh6 61. Kc7 e5 62. fxe5 f4 63. Kxb7 f3 64. Ka7 f2 65. b7 f1=Q 66. b8=Q Ng8
67. e6+ Kxe6 68. Qxg8+ Kd6 69. Qd8+ Ke6 70. Qb6+ Kd7 71. h6 Qf8 72. h7 1-0

[Event "Cracovia"]
[Site "Krakow"]
[Date "2007.01.03"]
[Round "8.1"]
[White "Gumula, Daniel"]
[Black "Jakubiec, Artur"]
[Result "0-1"]
[WhiteElo "2359"]
[BlackElo "2488"]
[PlyCount "60"]
[EventDate "2006.??.??"]

1. d4 f5 2. Nc3 Nf6 3. Bg5 d5 4. f3 c5 5. e4 Nc6 6. dxc5 d4 7. Nb5 a6 8. e5
axb5 9. exf6 exf6 10. Qe2+ Kf7 11. Bd2 Bxc5 12. Qxb5 Re8+ 13. Kd1 Bd6 14. Nh3
Qc7 15. Bc4+ Kf8 16. Re1 Ne5 17. Bb3 Bd7 18. Qf1 b5 19. Nf2 Nc4 20. Nd3 f4 21.
Qf2 Nxd2 22. Kxd2 Re3 23. Qh4 Qa5+ 24. Kd1 Rae8 25. Rxe3 fxe3 26. Ke2 Qd2+ 27.
Kf1 Bf5 28. Qe1 Bxd3+ 29. cxd3 e2+ 30. Kg1 Bb4 0-1

[Event "Cracovia"]
[Site "Krakow"]
[Date "2007.01.03"]
[Round "8.5"]
[White "Gritsak, Orest"]
[Black "Kosiorek, Marek"]
[Result "1/2-1/2"]
[WhiteElo "2542"]
[BlackElo "2374"]
[PlyCount "81"]
[EventDate "2006.??.??"]

1. Nf3 d5 2. d4 Nf6 3. c4 e6 4. Nc3 Be7 5. Bg5 h6 6. Bh4 O-O 7. Rc1 b6 8. cxd5
exd5 9. e3 Bb7 10. Bd3 Nbd7 11. Qe2 c5 12. Ba6 Qc8 13. Bxb7 Qxb7 14. dxc5 bxc5
15. O-O Rfd8 16. Rfd1 Rac8 17. Rc2 Nb6 18. h3 Kf8 19. b3 Kg8 20. Bg3 c4 21. Be5
cxb3 22. axb3 Nbd7 23. Bxf6 Nxf6 24. Nd4 Ne4 25. Nxe4 dxe4 26. Nf5 Rxc2 27.
Rxd8+ Bxd8 28. Qxc2 Qd5 29. Qc8 Kh7 30. Nd4 Bb6 31. Qf5+ Qxf5 32. Nxf5 Kg6 33.
g4 h5 34. Nd6 hxg4 35. hxg4 Kg5 36. Nxf7+ Kxg4 37. Nd6 Kf3 38. Kf1 Bxe3 39.
fxe3 Kxe3 40. b4 Kd4 41. Nb5+ 1/2-1/2

[Event "Cracovia"]
[Site "Krakow"]
[Date "2007.01.03"]
[Round "8.6"]
[White "Jakubowski, Krzysztof"]
[Black "Savickas, Airidas"]
[Result "1/2-1/2"]
[WhiteElo "2497"]
[BlackElo "2360"]
[PlyCount "122"]
[EventDate "2006.??.??"]

1. c4 Nf6 2. Nc3 g6 3. g3 Bg7 4. Bg2 O-O 5. e4 d6 6. Nge2 c5 7. O-O Nc6 8. d3
Ne8 9. f4 Bg4 10. Kh1 Rb8 11. Rb1 Nc7 12. Qe1 Bxe2 13. Nxe2 Ne6 14. g4 Ned4 15.
Nxd4 Nxd4 16. g5 e6 17. Qh4 f6 18. f5 Qe8 19. Be3 exf5 20. Bxd4 fxg5 21. Qxg5
cxd4 22. exf5 Qe3 23. Qh4 Rxf5 24. Rxf5 gxf5 25. Rg1 Kh8 26. Qh5 Rf8 27. Bxb7
Qh6 28. Qf3 Be5 29. Qg2 Qg7 30. Qf3 Qh6 31. Qg2 Qg7 32. Qxg7+ Bxg7 33. Re1 Bh6
34. Re7 Bg5 35. Rc7 Re8 36. Rc8 Rxc8 37. Bxc8 Kg7 38. Bxf5 h6 39. Kg2 Kf6 40.
Bc8 Ke7 41. Kf3 Kd8 42. Bg4 Kc7 43. Ke4 a5 44. b3 Be3 45. Kd5 Bf2 46. Bh5 Be3
47. h3 Bf2 48. a3 Be3 49. Bd1 Bf2 50. a4 Be3 51. b4 axb4 52. a5 Bg1 53. Ba4 Bf2
54. a6 Kb6 55. Kxd6 Kxa6 56. Kc6 Ka7 57. c5 Kb8 58. Kb6 Bg3 59. Bd1 Bh2 60. Kc6
Bg3 61. Kd5 Bf2 1/2-1/2

[Event "Cracovia"]
[Site "Krakow"]
[Date "2007.01.03"]
[Round "8.7"]
[White "Przybylski, Wojciech"]
[Black "Szelag, Marcin"]
[Result "0-1"]
[WhiteElo "2329"]
[BlackElo "2472"]
[PlyCount "57"]
[EventDate "2006.??.??"]

1. e4 e6 2. d4 d5 3. Nc3 Bb4 4. e5 c5 5. a3 Bxc3+ 6. bxc3 Ne7 7. Qg4 O-O 8. Bd3
Nbc6 9. Nf3 f5 10. exf6 Rxf6 11. Bg5 e5 12. Qg3 Rxf3 13. gxf3 c4 14. Be2 Qa5
15. Bd2 Nf5 16. Qg2 exd4 17. cxd4 c3 18. Be3 Ncxd4 19. Bxd4 Nxd4 20. Bd3 Qc7
21. f4 Qxf4 22. Qg3 Qd2+ 23. Kf1 Bf5 24. Kg2 Bxd3 25. cxd3 Nf5 26. Qe5 Qxd3 27.
h4 Rf8 28. Rh3 Nxh4+ 29. Kh2 0-1

[Event "Cracovia"]
[Site "Krakow"]
[Date "2007.01.03"]
[Round "8.8"]
[White "Tazbir, Marcin"]
[Black "Mickiewicz, Piotr"]
[Result "1-0"]
[WhiteElo "2425"]
[BlackElo "2312"]
[PlyCount "81"]
[EventDate "2006.??.??"]

1. e4 c5 2. Nc3 g6 3. Nf3 Bg7 4. d4 cxd4 5. Nxd4 Nc6 6. Be3 Nf6 7. Be2 d6 8.
O-O O-O 9. Kh1 Bd7 10. Nb3 Rc8 11. f4 a6 12. a4 Qc7 13. Bf3 e5 14. f5 Nb4 15.
g4 d5 16. Bc5 dxe4 17. Bg2 Rfd8 18. Bxb4 Bxf5 19. gxf5 Rxd1 20. Raxd1 Qc4 21.
Bc5 b5 22. axb5 axb5 23. Bg1 b4 24. Nd2 Qc6 25. Ncxe4 Qxc2 26. Nxf6+ Bxf6 27.
Ne4 Be7 28. Rd2 Qc4 29. f6 Bf8 30. Rfd1 h6 31. Rd8 Kh7 32. R1d7 g5 33. Rxf7+
Qxf7 34. Rxc8 Kg6 35. Rb8 h5 36. Ng3 h4 37. Be4+ Kxf6 38. Rb6+ Kg7 39. Rb7 Qxb7
40. Bxb7 hxg3 41. hxg3 1-0

[Event "Cracovia"]
[Site "Krakow"]
[Date "2007.01.03"]
[Round "8.10"]
[White "Bulski, Krzysztof"]
[Black "Czerwonski, Aleksander"]
[Result "1-0"]
[WhiteElo "2400"]
[BlackElo "2382"]
[PlyCount "81"]
[EventDate "2006.??.??"]

1. e4 d6 2. d4 Nf6 3. Nc3 g6 4. f4 Bg7 5. Nf3 O-O 6. Bd3 Na6 7. e5 Nd7 8. Be3
c5 9. Bxa6 cxd4 10. Bxd4 dxe5 11. fxe5 bxa6 12. Qe2 Bb7 13. O-O-O e6 14. Ne4
Qa5 15. Nf6+ Nxf6 16. exf6 Bh6+ 17. Kb1 Qb5 18. Qf2 Rfc8 19. Rhe1 Qf5 20. Re5
Qg4 21. h3 Qf4 22. Be3 Bxf3 23. Bxf4 Bxf4 24. Rde1 Bxe5 25. Rxe5 Bd5 26. Qf4
Kh8 27. b3 Rc3 28. Qh6 Rg8 29. Kb2 Rg3 30. Rg5 Rxg2 31. Rxg2 Bxg2 32. h4 g5 33.
hxg5 Be4 34. c4 e5 35. Kc3 Bg6 36. Kd2 Bf5 37. Ke3 Bg6 38. c5 Bf5 39. c6 a5 40.
c7 Be6 41. Ke4 1-0